| 000 | 00637nam a22001937a 4500 | ||
|---|---|---|---|
| 003 | OSt | ||
| 005 | 20140310182059.0 | ||
| 008 | 130823t xxu||||| |||| 00| 0 eng d | ||
| 020 | _a9781617149603 | ||
| 050 |
_aGV 443 _b.T855 2012 |
||
| 082 |
_aHS 613.7042 _b.T925h 2012 |
||
| 100 |
_aTuminelly, Nancy, _d1952- _912622 |
||
| 245 |
_aSuper simple hop & jump : _b healthy & fun activities to move your body / _cNancy Tuminelly. |
||
| 260 |
_aMinneapolis, MN : _bABDO Pub. Co, _cc2012. |
||
| 300 |
_a32 p. _bill, ; _c20 cm. |
||
| 650 |
_aPhysical fitness for children _xJuvenile literature _912623 |
||
| 942 |
_2lcc _cHS |
||
| 999 |
_c9156 _d9156 |
||